| 000 | 00536nam a2200205Ia 4500 | ||
|---|---|---|---|
| 003 | GCL | ||
| 008 | 140319s9999 xx 000 0 eng d | ||
| 040 |
_aGCL / _cGCL |
||
| 082 | 0 | 4 |
_a574 _bP L |
| 100 | 1 | _aPURVES, WILLIAM K | |
| 245 | 1 | 0 |
_aLIFE: THE SCIENCE OF BIOLOGY / _cPURVES, WILLIAM K |
| 700 | 1 | _aORIANS, GORDON H | |
| 700 | 1 | _aHELLER, H CRAIG | |
| 260 |
_a[S.N] : _bSINAUER ASSOCIATES, INC ، _c1995 |
||
| 650 | 0 | 4 | _aECOLOGY |
| 650 | 0 | 4 | _aBIOLOGY |
| 650 | 0 | 4 | _aBIOGRAPHIES |
| 650 | 0 | 4 | _aBIOLOGY, ANIMALS |
| 942 |
_2ddc _cBK |
||
| 999 |
_c13613 _d13613 |
||